Score 0/23 Timer 10:00
0 Plays Today
Club Full Player Name % Correct
Man UnitedRobin Van Persie
93.4%
Man UnitedDavid De Gea
84.5%
ChelseaJohn Obi Mikel
82.2%
ArsenalAlex Oxlade-Chamberlain
81.2%
NewcastleHatem Ben Arfa
80.2%
Man UnitedRafael Da Silva
79.7%
Man UnitedFabio Da Silva
79.2%
ChelseaKevin De Bruyne
76.1%
Norwich Ricky Van Wolfswinkel
69%
West HamRicardo Vaz Te
64.5%
SwanseaJonathan De Guzman
62.4%
FulhamJohn Arne Riise
58.4%
Club Full Player Name % Correct
SouthamptonJames Ward-Prowse
53.8%
ChelseaMarco Van Ginkel
52.3%
NewcastleMapou Yanga-Mbiwa
31%
Aston VillaKarim El Ahmadi
28.4%
SunderlandKi Sung-Yeung
25.4%
SunderlandJi Dong-Won
24.9%
CardiffKim Bo-Kyung
17.8%
CardiffKevin Theophile-Catherine
15.7%
SunderlandEl-Hadji Ba
11.2%
SunderlandDavid Moberg Karlsson
5.1%
FulhamBuomesca Tue Na Bangna
4.1%
Remove Ads.
Support Sporcle.
Get the best of Sporcle when you Go Orange. This ad-free experience offers more features, more stats, and more fun while also helping to support Sporcle. Thank you for becoming a member.

You're not logged in!

Compare scores with friends on all Sporcle quizzes.
OR
Log In

Show Comments

Extras

Top Quizzes Today


Score Distribution

Your Account Isn't Verified!

In order to create a playlist on Sporcle, you need to verify the email address you used during registration. Go to your Sporcle Settings to finish the process.

Report this User

Report this user for behavior that violates our Community Guidelines.

Details: